[Event "Douglas IoM op-C"]
[Site "Douglas"]
[Date "2018.10.24"]
[Round "3"]
[White "Silano, Pierluigi"]
[Black "Bak, Steve"]
[Result "0-1"]
[WhiteElo "1520"]
[BlackElo "1322"]
[PlyCount "138"]
[EventDate "2018.10.22"]
[EventType "swiss"]
[EventRounds "7"]
[EventCountry "IOM"]
[SourceTitle "CBM 187 Extra"]
[Source "ChessBase"]
[SourceDate "2018.11.04"]
[SourceVersion "1"]
[SourceVersionDate "2018.11.04"]
[SourceQuality "1"]

1. e4 d6 2. d4 Nf6 3. Nc3 Nbd7 4. Nf3 e5 5. Bd3 Be7 6. 0-0 c6 7. h3 Qc7 8. Be3 h6 9. Qd2 Nf8 10. Nh2 g5 11. dxe5 dxe5 12. Rad1 Ng6 13. Bc4 Nf4 14. Bxf4 gxf4 15. Kh1 b5 16. Bd3 Be6 17. Qe2 Rg8 18. Rg1 0-0-0 19. a4 b4 20. Ba6+ Kb8 21. Rxd8+ Rxd8 22. Nb1 Rd4 23. Bd3 Rd8 24. Nf3 Nd7 25. Bc4 Nc5 26. Bxe6 Nxe6 27. Rd1 f6 28. c3 b3 29. Rxd8+ Qxd8 30. Nbd2 Nc5 31. Qc4 Kc7 32. Kg1 Kb6 33. Qb4+ Kc7 34. Qa5+ Kb7 35. Qb4+ Ka8 36. Qc4 Qd3 37. Qxd3 Nxd3 38. Nxb3 Nxb2 39. a5 Na4 40. c4 Nc5 41. Nfd2 Kb7 42. Kf1 Ka6 43. Ke2 Nb7 44. g3 fxg3 45. fxg3 Nxa5 46. g4 Kb6 47. Kd3 Nxb3 48. Nxb3 a5 49. h4 a4 50. Nd2 Ka5 51. Kc2 Kb4 52. Nf3 Kxc4 53. g5 fxg5 54. hxg5 hxg5 55. Nxe5+ Kc5 56. Nd3+ Kd4 57. e5 c5 58. e6 c4 59. Nc1 a3 60. Ne2+ Ke5 61. Kc3 Kd5 62. Nc1 g4 63. Kc2 Kxe6 64. Ne2 Ke5 65. Ng3 Bh4 66. Ne2 g3 67. Nxg3 Bxg3 68. Kb1 c3 69. Ka2 c2 0-1

[Event "Douglas IoM op-C"]
[Site "Douglas"]
[Date "2018.10.23"]
[Round "2"]
[White "Talas, Sandor"]
[Black "Silano, Pierluigi"]
[Result "1/2-1/2"]
[WhiteElo "1610"]
[BlackElo "1520"]
[PlyCount "84"]
[EventDate "2018.10.22"]
[EventType "swiss"]
[EventRounds "7"]
[EventCountry "IOM"]
[SourceTitle "CBM 187 Extra"]
[Source "ChessBase"]
[SourceDate "2018.11.04"]
[SourceVersion "1"]
[SourceVersionDate "2018.11.04"]
[SourceQuality "1"]

1. e4 e5 2. Nf3 Nc6 3. d4 exd4 4. Nxd4 Bc5 5. Nxc6 Qf6 6. Qd2 dxc6 7. Nc3 Be6 8. Qf4 0-0-0 9. Bd3 Bd4 10. Qxf6 Nxf6 11. Bd2 Rhe8 12. 0-0 Kb8 13. h3 a6 14. a4 c5 15. Bf4 Bxc3 16. bxc3 c4 17. Be2 Nxe4 18. Be5 f6 19. Bd4 Bd5 20. Bg4 Be6 21. Be2 Nd6 22. Bf3 Nf5 23. Bc5 Bd5 24. Bg4 Nh4 25. g3 Nf3+ 26. Bxf3 Bxf3 27. Be3 Rd7 28. a5 Red8 29. Bd4 Rd5 30. Rfe1 c5 31. Be3 Kc7 32. Rab1 Rd1 33. Bxc5 Rxb1 34. Rxb1 Rd1+ 35. Rxd1 Bxd1 36. f4 Bxc2 37. Kf2 Kc6 38. Bb6 f5 39. Ke3 Kd5 40. h4 Bd1 41. Bd4 g6 42. Bb6 h5 1/2-1/2

[Event "Arco op-A 39th"]
[Site "Arco"]
[Date "2017.10.10"]
[Round "4"]
[White "Silano, Pierluigi"]
[Black "Salerni, Guido"]
[Result "0-1"]
[WhiteElo "1571"]
[BlackElo "1712"]
[PlyCount "137"]
[EventDate "2017.10.07"]
[EventType "swiss"]
[EventRounds "9"]
[EventCountry "ITA"]
[SourceTitle "CBM 181 Extra"]
[Source "ChessBase"]
[SourceDate "2017.12.12"]
[SourceVersion "1"]
[SourceVersionDate "2017.12.12"]
[SourceQuality "1"]

1. e4 e5 2. Nf3 Nc6 3. Bb5 Nge7 4. 0-0 d6 5. c3 Bd7 6. d4 Ng6 7. Re1 Be7 8. Nbd2 0-0 9. Nf1 Nh4 10. Nxh4 Bxh4 11. Ne3 a6 12. Bf1 Bf6 13. d5 Ne7 14. b4 Bg5 15. c4 f5 16. exf5 Nxf5 17. Nxf5 Bxf5 18. Bxg5 Qxg5 19. Re3 Rf7 20. Rg3 Qf6 21. Qd2 Qh4 22. Re1 Raf8 23. Qe3 Bg6 24. f3 Rf4 25. a3 e4 26. fxe4 Bxe4 27. Bd3 Qf6 28. Be2 Qh4 29. Bf3 Bxf3 30. Rxf3 Rxf3 31. gxf3 Qxc4 32. Qe6+ Kh8 33. Qe4 Qxe4 34. Rxe4 Kg8 35. Kf2 g6 36. Rc4 Rf7 37. a4 Re7 38. b5 axb5 39. axb5 Kf8 40. f4 Kf7 41. Kf3 Ke8 42. h4 Kd7 43. Kg4 h6 44. Rd4 c5 45. bxc6+ bxc6 46. dxc6+ Kxc6 47. h5 gxh5+ 48. Kxh5 Re6 49. Ra4 Kd5 50. f5 Rf6 51. Kg4 Ke5 52. Ra5+ d5 53. Kh5 Rxf5+ 54. Kxh6 Ke4 55. Kg6 Rf8 56. Kg5 d4 57. Kg4 Rg8+ 58. Kh3 d3 59. Ra2 Ke3 60. Ra7 Re8 61. Kg2 Ke2 62. Rf7 Rg8+ 63. Kh3 Rg5 64. Re7+ Kf3 65. Kh4 Rg4+ 66. Kh3 Re4 67. Rd7 Ke2 68. Kg3 d2 69. Rf7 0-1

[Event "Arvier Grand Paradis op-B"]
[Site "Arvier"]
[Date "2016.07.29"]
[Round "6"]
[White "Ghiotto, Marco Luigi"]
[Black "Silano, Pierluigi"]
[Result "1-0"]
[WhiteElo "1531"]
[BlackElo "1584"]
[PlyCount "61"]
[EventDate "2016.07.24"]
[EventType "swiss"]
[EventRounds "6"]
[EventCountry "ITA"]
[SourceTitle "EXT 2017"]
[Source "ChessBase"]
[SourceDate "2016.10.25"]
[SourceVersion "1"]
[SourceVersionDate "2016.10.25"]
[SourceQuality "1"]

1. e4 e5 2. Nf3 Nc6 3. Bb5 a6 4. Ba4 Nf6 5. 0-0 Be7 6. Re1 b5 7. Bb3 0-0 8. d4 exd4 9. Nxd4 Nxd4 10. Qxd4 c5 11. Qd3 c4 12. Bxc4 bxc4 13. Qxc4 Bb7 14. Nc3 Rc8 15. Qd3 Bb4 16. Bd2 d6 17. a3 Bxc3 18. Bxc3 Re8 19. f3 d5 20. Bxf6 Qxf6 21. exd5 Rxe1+ 22. Rxe1 Qxb2 23. Qe3 h6 24. d6 Qb5 25. Qe7 Bc6 26. Re5 Re8 27. Rxb5 Rxe7 28. Rb6 Re1+ 29. Kf2 Ra1 30. Rxc6 Rxa3 31. d7 1-0